000 00629nam a2200205 i 4500
001 25026
003 ES-MaACL
005 20250824031809.0
007 t|
008 021220s1958 sp ||||1| spa d
245 0 3 _aEl teatro griego
_b: (historia y antologĂ­a) /
_cPedro Voltes.
260 _aBarcelona :
_bVergara,
_c[1958] (
_fDuplex)
300 _a166 p. ;
_c18 cm.
490 1 _aVerdad y vida ;
_v30
650 7 _aTeatro griego
_2embne
_9136910
700 0 _aVoltes Bou, Pedro,
_d1926-2009
_9115726
830 0 0 _aVerdad y vida
_v30
_9182871
852 _aES-MaACL
_jC-15935
_bR.43876
999 _c25026
_d25026